[Event "USCL Baltimore vs Philadelphia"]
[Site "Internet Chess Club"]
[Date "2010.10.11"]
[Round "8"]
[White "Erenburg, Sergey"]
[Black "Bartell, Tom"]
[Result "1-0"]
[WhiteElo "2646"]
[BlackElo "2429"]
[PlyCount "53"]
[EventDate "2010.??.??"]

1. e4 c5 2. Nf3 e6 3. d4 cxd4 4. Nxd4 Nc6 5. Nc3 Qc7 6. Be3 a6 7. Qd2 Nf6 8.
O-O-O Bb4 9. f3 O-O 10. Kb1 d5 11. exd5 Bxc3 12. Qxc3 Nxd5 13. Qe1 e5 14. Nxc6
Qxc6 15. Bd3 Be6 16. Bd2 Rfe8 17. Qh4 f5 18. Rhe1 Nf6 19. b3 e4 20. fxe4 fxe4
21. Rxe4 Bd5 22. Rd4 Be4 23. Rc4 Qd5 24. Bc3 Bxd3 25. Rxd3 Qxg2 26. Rg3 Qf1+
27. Kb2 1-0

[Event "USCL Baltimore vs Philadelphia"]
[Site "Internet Chess Club"]
[Date "2010.10.11"]
[Round "8"]
[White "Bonin, Jay"]
[Black "Zimmer, Ralph"]
[Result "1/2-1/2"]
[WhiteElo "2424"]
[BlackElo "2279"]
[PlyCount "66"]
[EventDate "2010.??.??"]

1. d4 Nf6 2. Nf3 g6 3. c4 c5 4. Nc3 cxd4 5. Nxd4 Nc6 6. e4 d6 7. Be2 Bg7 8. Be3
O-O 9. O-O Nd7 10. Qd2 Nxd4 11. Bxd4 Nc5 12. Rfd1 Be6 13. Bxg7 Kxg7 14. b4 Nd7
15. Qb2 f6 16. Nd5 Rc8 17. Nf4 Bf7 18. c5 g5 19. Nd3 Ne5 20. Nxe5 fxe5 21. Qd2
h6 22. cxd6 exd6 23. Qxd6 Qxd6 24. Rxd6 Rc2 25. Bg4 Bxa2 26. f3 Rf6 27. Rd7+
Rf7 28. Rd6 Rf6 29. Rxf6 Kxf6 30. Rd1 Rc6 31. Ra1 Rc2 32. Rd1 Rc6 33. Ra1 Rc2
1/2-1/2

[Event "USCL New Jersey vs Manhattan"]
[Site "Internet Chess Club"]
[Date "2010.10.11"]
[Round "8"]
[White "Shen, Victor"]
[Black "Braylovsky, Gregory"]
[Result "0-1"]
[WhiteElo "2339"]
[BlackElo "2434"]
[PlyCount "64"]
[EventDate "2010.??.??"]

1. e4 c5 2. Nf3 Nc6 3. d4 cxd4 4. Nxd4 e5 5. Nb5 d6 6. c4 Be7 7. N1c3 a6 8. Na3
f5 9. exf5 Bxf5 10. Bd3 Be6 11. O-O Nf6 12. Nc2 O-O 13. Nd5 Kh8 14. Nce3 Nd4
15. b3 a5 16. Bb2 a4 17. Nxe7 Qxe7 18. Bxd4 exd4 19. Nc2 Ng4 20. h3 Ne5 21. Be4
Qg5 22. Qxd4 Bxh3 23. Qe3 Rf4 24. Qxh3 Rxe4 25. Rad1 Rh4 26. Qg3 Qh6 27. f3
axb3 28. axb3 Ra2 29. Qxe5 Rh1+ 30. Kf2 Rxc2+ 31. Qe2 Rxf1+ 32. Rxf1 Qh4+ 0-1

[Event "USCL Baltimore vs Philadelphia"]
[Site "Internet Chess Club"]
[Date "2010.10.11"]
[Round "8"]
[White "Costigan, Richard"]
[Black "Selzler, Richard"]
[Result "1-0"]
[WhiteElo "2288"]
[BlackElo "2252"]
[PlyCount "75"]
[EventDate "2010.??.??"]

1. Nf3 c5 2. b3 d5 3. Bb2 f6 4. d4 cxd4 5. Qxd4 Nc6 6. Qd2 e5 7. e3 Be6 8. Be2
Bb4 9. c3 Ba5 10. O-O Nge7 11. Rc1 O-O 12. b4 Bb6 13. c4 Rc8 14. c5 Bc7 15. a3
Qd7 16. Nc3 Rfd8 17. Bb5 Qe8 18. Ne2 Qg6 19. Ng3 h5 20. Qe2 Qh6 21. h3 g5 22.
Nh2 h4 23. Nh1 Qg6 24. f3 Kf7 25. Nf2 f5 26. Rf1 Kg8 27. Rad1 e4 28. fxe4 dxe4
29. Rxd8+ Nxd8 30. Nxe4 Bxh2+ 31. Kxh2 fxe4 32. Rf6 Qh7 33. Qf1 Bf7 34. Bc4 Rc6
35. Qd1 Rc8 36. Qd7 Kf8 37. Be5 Kg8 38. Qxe7 1-0

[Event "USCL New Jersey vs Manhattan"]
[Site "Internet Chess Club"]
[Date "2010.10.11"]
[Round "8"]
[White "Vovsha, Eli"]
[Black "Molner, Mackenzie"]
[Result "1-0"]
[WhiteElo "2539"]
[BlackElo "2548"]
[PlyCount "85"]
[EventDate "2010.??.??"]

1. e4 c5 2. Nf3 d6 3. d4 cxd4 4. Nxd4 Nf6 5. Nc3 a6 6. Be3 Ng4 7. Bc1 Nf6 8. f3
Qb6 9. Nb3 e6 10. Bf4 Nbd7 11. Qd2 Qc7 12. O-O-O Ne5 13. Bg3 Be7 14. f4 Nc4 15.
Qd4 Na5 16. e5 dxe5 17. fxe5 Nd7 18. Nd5 Nxb3+ 19. axb3 exd5 20. e6 Qa5 21.
Qxg7 Qa1+ 22. Kd2 Qa5+ 23. Kc1 Qa1+ 24. Kd2 Qa5+ 25. c3 Rf8 26. exd7+ Bxd7 27.
Kc2 Be6 28. Qe5 Qb6 29. Bd3 O-O-O 30. Bf5 Bxf5+ 31. Qxf5+ Qe6 32. Qxh7 Qe4+ 33.
Qxe4 dxe4 34. Bf4 f5 35. h4 Rg8 36. g3 Rdf8 37. Rd5 Rg4 38. Rhd1 Rg6 39. Rd7
Bd8 40. h5 Rc6 41. Rxd8+ Rxd8 42. Rxd8+ Kxd8 43. h6 1-0

[Event "USCL Baltimore vs Philadelphia"]
[Site "Internet Chess Club"]
[Date "2010.10.11"]
[Round "8"]
[White "Balasubramanian, Adithya"]
[Black "Dehmelt, Karl"]
[Result "1-0"]
[WhiteElo "2255"]
[BlackElo "2308"]
[PlyCount "91"]
[EventDate "2010.??.??"]

1. e4 e5 2. Nf3 Nc6 3. Bc4 Bc5 4. Nc3 Nf6 5. d3 h6 6. h3 a6 7. Be3 Bb4 8. O-O
Bxc3 9. bxc3 d6 10. a4 Na5 11. Ba2 Bd7 12. Nh4 g5 13. Nf5 Bxf5 14. exf5 Qd7 15.
Qf3 d5 16. Rfb1 O-O-O 17. Rb4 e4 18. dxe4 dxe4 19. Qe2 Qxf5 20. Bxf7 Rhf8 21.
Bh5 Nxh5 22. Qxh5 c5 23. Rb6 Nc4 24. Rxh6 Nxe3 25. fxe3 Qf2+ 26. Kh1 Qxe3 27.
Qg4+ Kb8 28. Rh7 Rd6 29. Re7 Rdf6 30. Qxe4 Rf1+ 31. Rxf1 Rxf1+ 32. Kh2 Qf4+ 33.
Qxf4+ Rxf4 34. a5 Rc4 35. Rg7 Rxc3 36. Rxg5 b5 37. axb6 Kb7 38. h4 Rc4 39. h5
Kxb6 40. Rg3 Rf4 41. h6 Rf7 42. Rh3 Rh7 43. g4 a5 44. g5 a4 45. g6 a3 46. gxh7
1-0

[Event "USCL New Jersey vs Manhattan"]
[Site "Internet Chess Club"]
[Date "2010.10.11"]
[Round "8"]
[White "Smith, Shaun"]
[Black "Shen, Arthur"]
[Result "0-1"]
[WhiteElo "2008"]
[BlackElo "2220"]
[PlyCount "114"]
[EventDate "2010.??.??"]

1. c4 c5 2. Nf3 Nf6 3. Nc3 b6 4. g3 Bb7 5. Bg2 e6 6. O-O Be7 7. d4 cxd4 8. Qxd4
d6 9. b3 O-O 10. Bb2 a6 11. Rad1 Nbd7 12. Ng5 Bxg2 13. Kxg2 Qc7 14. Nge4 Rfd8
15. Nxf6+ Nxf6 16. e4 Qb7 17. a4 Bf8 18. f3 Ne8 19. Rd2 Nc7 20. Qd3 Rab8 21.
Rfd1 Be7 22. Qe3 Qc6 23. e5 dxe5 24. Qxe5 Ne8 25. Ne4 Rxd2+ 26. Rxd2 Rd8 27.
Rxd8 Bxd8 28. Qd4 Be7 29. h4 h6 30. Qf2 f5 31. Nc3 Qd6 32. Qe2 Nf6 33. Nd1 Nd7
34. Nf2 Nc5 35. Be5 Qd7 36. Qb2 Bd6 37. Bc3 Qc7 38. f4 Qc6+ 39. Kh2 Bf8 40. a5
b5 41. Bd4 Nb7 42. Nd3 Nxa5 43. Ne5 Qc7 44. cxb5 axb5 45. Qa2 Bb4 46. Nd3 Qd6
47. Qb2 Nc6 48. Nxb4 Qxd4 49. Qxd4 Nxd4 50. Nd3 Nxb3 51. Kg2 Kf7 52. h5 Ke7 53.
g4 fxg4 54. Kg3 Nd4 55. Kxg4 Kd6 56. Kg3 Kd5 57. Kf2 Ke4 0-1

[Event "USCL New Jersey vs Manhattan"]
[Site "Internet Chess Club"]
[Date "2010.10.11"]
[Round "8"]
[White "Benjamin, Joel"]
[Black "Milman, Lev"]
[Result "1-0"]
[WhiteElo "2614"]
[BlackElo "2501"]
[PlyCount "137"]
[EventDate "2010.??.??"]

1. c4 Nf6 2. d4 e6 3. Nc3 Bb4 4. e3 O-O 5. Bd3 d5 6. cxd5 exd5 7. Nge2 Re8 8.
Bd2 Bd6 9. Rc1 c6 10. Qc2 Nbd7 11. O-O Nf8 12. f3 Ne6 13. Kh1 h5 14. Be1 g6 15.
h3 Be7 16. Rd1 Bd7 17. e4 Rc8 18. e5 Nh7 19. f4 Ng7 20. Ng3 h4 21. f5 hxg3 22.
fxg6 fxg6 23. Bxg6 Ng5 24. Bxg3 Rf8 25. Qd3 N5e6 26. Ne2 Bg5 27. Rf3 Rxf3 28.
Qxf3 Qe7 29. Bc2 Rf8 30. Qd3 Nf5 31. Bf2 Be8 32. Qc3 Nh6 33. Bg1 Bh5 34. Qd3
Nf4 35. Nxf4 Rxf4 36. Rf1 Rxf1 37. Qxf1 Qf7 38. Qd3 Qg7 39. g4 Be8 40. Bf2 Be7
41. Be3 Nf7 42. Qf5 Bg5 43. Bg1 Nd8 44. Kg2 Bd7 45. Qd3 Ne6 46. Be3 Be8 47. Kf2
Qh6 48. Bxg5 Nxg5 49. Qf5 Nxh3+ 50. Kg3 Ng5 51. Qc8 Qf8 52. Bf5 Qf7 53. Kf4 Qe7
54. Qb8 a6 55. Qd6 Qg7 56. Qd8 Nh3+ 57. Kg3 Kf8 58. Qd6+ Kg8 59. Qe6+ Bf7 60.
Qc8+ Qf8 61. Qxf8+ Kxf8 62. Kxh3 b6 63. b4 Ke7 64. Kg3 Be8 65. Kf4 Bf7 66. g5
a5 67. bxa5 bxa5 68. g6 Be8 69. Kg5 1-0

[Event "USCL Dallas vs Seattle"]
[Site "Internet Chess Club"]
[Date "2010.10.11"]
[Round "8"]
[White "Kiewra, Keaton"]
[Black "Milat, Marcel"]
[Result "0-1"]
[WhiteElo "2361"]
[BlackElo "2353"]
[PlyCount "92"]
[EventDate "2010.??.??"]

1. e4 Nf6 2. e5 Nd5 3. c4 Nb6 4. d4 d6 5. f4 Bf5 6. Be3 e6 7. Nc3 dxe5 8. fxe5
Bb4 9. Be2 c5 10. dxc5 Qxd1+ 11. Rxd1 Na4 12. a3 Ba5 13. Bd2 Nxb2 14. Nb5 Nxd1
15. Bxa5 Nc6 16. Bd2 Nb2 17. Nc7+ Ke7 18. Nxa8 Rxa8 19. Nf3 Nd3+ 20. Bxd3 Bxd3
21. Kf2 Bxc4 22. Rb1 Ba6 23. Bg5+ Kf8 24. Rd1 h6 25. Be3 Ke7 26. g4 Rd8 27. Rd6
Bc4 28. g5 hxg5 29. Bxg5+ f6 30. Bf4 Bd5 31. Rxd8 Kxd8 32. exf6 gxf6 33. Ne1 e5
34. Bh6 Be4 35. Ke3 Bh7 36. Nf3 Ke7 37. h4 Bg6 38. Nd2 Nd4 39. Kf2 Nf5 40. Be3
Nxh4 41. c6 b6 42. Nc4 Nf5 43. Bd2 Kd8 44. Bc3 Kc7 45. Nd2 Nd6 46. Nf3 Ne4+ 0-1

[Event "USCL Dallas vs Seattle"]
[Site "Internet Chess Club"]
[Date "2010.10.11"]
[Round "8"]
[White "Bercys, Salvijus"]
[Black "Cozianu, Costin"]
[Result "1-0"]
[WhiteElo "2467"]
[BlackElo "2557"]
[PlyCount "75"]
[EventDate "2010.??.??"]

1. d4 c5 2. d5 e5 3. e4 d6 4. Nc3 Be7 5. Nf3 Nd7 6. g3 Ngf6 7. a4 Nf8 8. Bb5+
N6d7 9. a5 a6 10. Be2 Ng6 11. h4 h6 12. Nd2 b5 13. axb6 Nxb6 14. Nf1 Nf8 15.
Ne3 Nh7 16. Bd3 g6 17. Qe2 h5 18. Bxa6 O-O 19. Ra3 Bxa6 20. Rxa6 Rxa6 21. Qxa6
f5 22. Nc4 Nxc4 23. Qxc4 f4 24. gxf4 Bxh4 25. Rg1 Ng5 26. Rxg5 Bxg5 27. fxg5
Qd7 28. Qf1 Qg4 29. Be3 h4 30. Qh1 Rf3 31. Kd2 h3 32. Qh2 Rf7 33. Ne2 Qxe4 34.
Qxh3 Qxd5+ 35. Ke1 Ra7 36. Nc3 Ra1+ 37. Ke2 Qc4+ 38. Kd2 1-0

[Event "USCL Arizona vs Chicago"]
[Site "Internet Chess Club"]
[Date "2010.10.11"]
[Round "8"]
[White "Shankar, Gauri"]
[Black "Gurczak, John"]
[Result "1-0"]
[WhiteElo "2304"]
[BlackElo "2139"]
[PlyCount "65"]
[EventDate "2010.??.??"]

1. e4 c5 2. Nc3 Nc6 3. Nf3 e5 4. Bc4 d6 5. d3 Nd4 6. Nxd4 cxd4 7. Nd5 Be6 8.
O-O Ne7 9. Bg5 Bxd5 10. Bxe7 Bxe7 11. Bxd5 Qc7 12. c3 dxc3 13. Qa4+ Kf8 14.
Rac1 Bd8 15. Rxc3 Qe7 16. f4 Bb6+ 17. Kh1 exf4 18. Rxf4 f6 19. d4 g5 20. Rf1
Kg7 21. Qb4 Rhf8 22. a4 Rac8 23. a5 Rxc3 24. bxc3 Bd8 25. Rf5 b6 26. a6 Qd7 27.
Qc4 Be7 28. Be6 Qe8 29. Qc7 Kh8 30. Qxa7 Qa4 31. Rf1 Bd8 32. Qb7 b5 33. a7 1-0

[Event "USCL Dallas vs Seattle"]
[Site "Internet Chess Club"]
[Date "2010.10.11"]
[Round "8"]
[White "Mikhailuk, Slava"]
[Black "Sadorra, Julio"]
[Result "0-1"]
[WhiteElo "2431"]
[BlackElo "2471"]
[PlyCount "102"]
[EventDate "2010.??.??"]

1. c4 Nf6 2. Nc3 g6 3. g3 Bg7 4. Bg2 O-O 5. e4 d6 6. Nge2 e5 7. O-O Nc6 8. d3
Be6 9. Nd5 Qd7 10. Bh6 Nxd5 11. Bxg7 Nc3 12. bxc3 Kxg7 13. Qd2 Na5 14. Qe3 f6
15. f4 Bg4 16. Rf2 a6 17. Raf1 Bxe2 18. Qxe2 b5 19. cxb5 axb5 20. h4 Nc6 21. g4
b4 22. g5 fxg5 23. f5 bxc3 24. Qg4 Kh8 25. Qxg5 gxf5 26. exf5 Rf7 27. Bxc6 Qxc6
28. Rg2 Qxg2+ 29. Kxg2 Rg7 30. f6 Rxg5+ 31. hxg5 Kg8 32. Kf3 Kf7 33. Ke3 c5 34.
Ke4 Ke6 35. f7 d5+ 36. Ke3 d4+ 37. Ke4 c2 38. Rf6+ Ke7 39. Rf1 Rf8 40. Kxe5
Rxf7 41. Rc1 Rf2 42. Kd5 Rd2 43. a4 Kd7 44. Kxc5 Rxd3 45. a5 Kc7 46. a6 Rd2 47.
Rh1 Rd1 48. Rxh7+ Kc8 49. Kd6 Kb8 50. a7+ Ka8 51. g6 c1=Q 0-1

[Event "USCL Arizona vs Chicago"]
[Site "Internet Chess Club"]
[Date "2010.10.11"]
[Round "8"]
[White "Young, Angelo"]
[Black "Aldama, Dionisio"]
[Result "0-1"]
[WhiteElo "2415"]
[BlackElo "2399"]
[PlyCount "124"]
[EventDate "2010.??.??"]

1. d4 d5 2. Nf3 e6 3. Bf4 c5 4. c3 Qb6 5. Qb3 c4 6. Qc2 Nf6 7. Nbd2 Nh5 8. Be5
Nc6 9. e4 Be7 10. Be2 Nxe5 11. Nxe5 Nf4 12. Bf1 Ng6 13. Nxg6 hxg6 14. g3 Bd7
15. Bg2 Bc6 16. O-O O-O 17. Rae1 Bf6 18. f4 dxe4 19. Nxc4 Qa6 20. Ne3 Rac8 21.
Ra1 Bb5 22. Rfd1 Bd3 23. Qf2 b5 24. a3 Qa4 25. Ng4 Qb3 26. Qd2 a5 27. Nf2 e3
28. Qxe3 Bc2 29. Rdc1 Qxb2 30. Ng4 Be7 31. Qf2 Rxc3 32. Ne3 Rfc8 33. Be4 Bf6
34. Nd1 Bxd4 35. Nxb2 Bxf2+ 36. Kxf2 Bxe4 37. Rxc3 Rxc3 38. Nd1 Rf3+ 39. Ke2
Rb3 40. Kd2 f5 41. Nc3 Kf7 42. Nxe4 fxe4 43. Kc2 a4 44. Re1 e3 45. g4 Rxa3 46.
Rd1 Ke7 47. Rd4 Ra2+ 48. Kc3 Rxh2 49. Re4 e2 50. f5 gxf5 51. gxf5 e5 52. Rxe5+
Kf6 53. Re8 Kxf5 54. Kd2 b4 55. Rf8+ Ke5 56. Ke1 a3 57. Re8+ Kd5 58. Rd8+ Kc6
59. Ra8 a2 60. Ra6+ Kb5 61. Rxa2 Rh1+ 62. Kxe2 Rh2+ 0-1

[Event "USCL Dallas vs Seattle"]
[Site "Internet Chess Club"]
[Date "2010.10.11"]
[Round "8"]
[White "Guo, Alex"]
[Black "Zorigt, Bayaraa"]
[Result "0-1"]
[WhiteElo "2116"]
[BlackElo "2240"]
[PlyCount "162"]
[EventDate "2010.??.??"]

1. c4 e6 2. g3 d5 3. Bg2 c6 4. Nf3 Nf6 5. O-O Be7 6. d4 O-O 7. b3 b6 8. Bb2 Bb7
9. Nbd2 Nbd7 10. Qc2 c5 11. cxd5 exd5 12. Rac1 Rc8 13. Qb1 Re8 14. Rfd1 Bd6 15.
e3 Ng4 16. Qf5 Ndf6 17. h3 Nh6 18. Qb1 Qe7 19. Ne5 Qe6 20. g4 Nd7 21. Ndf3 f6
22. Nxd7 Qxd7 23. Qd3 Qe6 24. dxc5 bxc5 25. Nh4 Red8 26. Nf3 Nf7 27. b4 c4 28.
Qa3 Qe7 29. Bc3 Bb8 30. Nd4 Nd6 31. b5 Qe8 32. Qb2 Ne4 33. Ba5 Rd7 34. Nf5 g6
35. Nd4 Qe5 36. Qc2 Re8 37. Nc6 Bxc6 38. bxc6 Rde7 39. Bxe4 Qh2+ 40. Kf1 Rxe4
41. Rxd5 Qxh3+ 42. Ke2 Rxe3+ 43. fxe3 Qg2+ 44. Kd1 Qxd5+ 45. Qd2 Qxc6 46. Rb1
Be5 47. Kc2 Qe4+ 48. Kc1 Qxg4 49. Rb7 Qe6 50. Qg2 Bd6 51. Bd2 c3 52. Bxc3 Qxe3+
53. Bd2 Ba3+ 54. Kd1 Qe5 55. Qc6 Qa1+ 56. Kc2 Qxa2+ 57. Kd1 Qe6 58. Qc7 Qg4+
59. Kc2 Qc8 60. Rxa7 Qxc7+ 61. Rxc7 Re7 62. Rc6 Kf7 63. Kb3 Rd7 64. Bc3 Be7 65.
Kc4 h5 66. Be1 g5 67. Rc8 Kg6 68. Rg8+ Kf5 69. Rh8 Kg4 70. Rh7 h4 71. Kb5 f5
72. Kc6 Rd6+ 73. Kc7 Re6 74. Ba5 Re5 75. Bb6 Bc5 76. Ba5 Bd6+ 77. Kb6 Rxa5 78.
Kxa5 h3 79. Kb5 h2 80. Kc6 Bg3 81. Kd5 Bh4 0-1

[Event "USCL Arizona vs Chicago"]
[Site "Internet Chess Club"]
[Date "2010.10.11"]
[Round "8"]
[White "Adamson, Robby"]
[Black "Visnuvardhan, Arjun"]
[Result "1/2-1/2"]
[WhiteElo "2363"]
[BlackElo "2318"]
[PlyCount "151"]
[EventDate "2010.??.??"]

1. e4 c5 2. Nf3 d6 3. d4 cxd4 4. Nxd4 Nf6 5. Nc3 a6 6. Be2 g6 7. O-O Bg7 8. a4
Nc6 9. Nb3 Be6 10. Bg5 O-O 11. f4 Bxb3 12. cxb3 Qb6+ 13. Kh1 Na5 14. Ra3 Rfd8
15. Bf3 Nc6 16. a5 Qc5 17. Ra4 d5 18. exd5 Nb4 19. Bxf6 exf6 20. f5 gxf5 21.
Qb1 Re8 22. Qxf5 Re5 23. Qf4 Nd3 24. Qd2 Qe3 25. Qxe3 Rxe3 26. Nd1 Re7 27. Rd4
Nc5 28. b4 f5 29. Rf4 Nd3 30. Rxf5 Nxb4 31. Bh5 Rf8 32. b3 Nc2 33. h3 Nd4 34.
Rg5 Nxb3 35. d6 Re5 36. Rgf5 Rxf5 37. Rxf5 Bh6 38. d7 Nd4 39. Rxf7 Nc6 40. Rf3
Bd2 41. Rd3 Bxa5 42. Bf3 Ne5 43. Ra3 Nxf3 44. Rxa5 Nd4 45. Ne3 Kf7 46. Rh5 Kg6
47. Rd5 Nc6 48. Rd6+ Kf7 49. Nf5 Rd8 50. Nh6+ Kf8 51. g4 Ne5 52. Rd5 Nxd7 53.
Rd6 a5 54. Rd5 b6 55. Nf5 Ke8 56. Nd6+ Ke7 57. Nf5+ Ke6 58. Rd4 b5 59. Rd3 b4
60. Rd6+ Ke5 61. Ra6 Rb8 62. Rxa5+ Ke4 63. Ra7 Nc5 64. Re7+ Kd3 65. Re3+ Kd2
66. Re5 Nd3 67. Re7 b3 68. Ne3 Rb4 69. Nf1+ Kd1 70. Ne3+ Kc1 71. Rd7 Kd2 72.
Nf1+ Ke2 73. Ng3+ Kd2 74. Nf1+ Ke2 75. Ng3+ Kd2 76. Nf1+ 1/2-1/2

[Event "USCL New York vs New England"]
[Site "Internet Chess Club"]
[Date "2010.10.13"]
[Round "8"]
[White "Krush, Irina"]
[Black "Bournival, Braden"]
[Result "1/2-1/2"]
[WhiteElo "2528"]
[BlackElo "2381"]
[PlyCount "64"]
[EventDate "2010.??.??"]

1. d4 d5 2. c4 c6 3. Nf3 Nf6 4. Nc3 dxc4 5. a4 Bf5 6. Ne5 e6 7. f3 Bb4 8. e4
Bxe4 9. Nxf7 Kxf7 10. fxe4 c5 11. d5 exd5 12. exd5 Re8+ 13. Be2 Qe7 14. O-O
Bxc3 15. Bh5+ Kg8 16. bxc3 Nxh5 17. Qxh5 Nd7 18. Bg5 Qd6 19. Qf7+ Kh8 20. Bf4
Qe7 21. Qxe7 Rxe7 22. Rae1 Rxe1 23. Rxe1 Nf6 24. d6 Kg8 25. Bg5 Rd8 26. Re6 Kf7
27. Bxf6 gxf6 28. Re7+ Kg6 29. Rxb7 Rxd6 30. Rxa7 Rd3 31. Rc7 Rxc3 32. Rxc5 Rc2
1/2-1/2

[Event "USCL New York vs New England"]
[Site "Internet Chess Club"]
[Date "2010.10.13"]
[Round "8"]
[White "Riordan, Charles"]
[Black "Charbonneau, Pascal"]
[Result "0-1"]
[WhiteElo "2397"]
[BlackElo "2566"]
[PlyCount "66"]
[EventDate "2010.??.??"]

1. d4 Nf6 2. c4 g6 3. Nc3 Bg7 4. e4 d6 5. f3 O-O 6. Nge2 c6 7. Be3 a6 8. c5
Nbd7 9. Nc1 Qc7 10. Nb3 Rd8 11. Qc2 Bf8 12. cxd6 exd6 13. a4 c5 14. d5 Re8 15.
Be2 Nh5 16. g4 Ng7 17. g5 f5 18. gxf6 Nxf6 19. Bg5 Be7 20. O-O Nfh5 21. f4 Bxg5
22. fxg5 Qe7 23. Qd2 Bh3 24. Rf2 Rf8 25. Bxh5 Nxh5 26. Qe3 Rxf2 27. Kxf2 Rf8+
28. Ke2 Bg4+ 29. Kd2 Rf3 30. Qe1 Qxg5+ 31. Kc2 Qf4 32. Na5 Qxh2+ 33. Kb1 Nf4
0-1

[Event "USCL New York vs New England"]
[Site "Internet Chess Club"]
[Date "2010.10.13"]
[Round "8"]
[White "Kacheishvili, Giorgi"]
[Black "Shankland, Sam"]
[Result "0-1"]
[WhiteElo "2619"]
[BlackElo "2567"]
[PlyCount "88"]
[EventDate "2010.??.??"]

1. c4 c6 2. d4 d5 3. Nf3 Nf6 4. Nc3 dxc4 5. a4 Bf5 6. Ne5 e6 7. f3 Bb4 8. e4
Bxe4 9. fxe4 Nxe4 10. Bd2 Qxd4 11. Nxe4 Qxe4+ 12. Qe2 Bxd2+ 13. Kxd2 Qd5+ 14.
Kc2 Na6 15. Nxc4 O-O 16. Qe5 Rfd8 17. Be2 Nc5 18. Qxd5 cxd5 19. Nd2 Rac8 20.
Rhc1 e5 21. Kd1 f5 22. Ra3 Ne6 23. Rxc8 Rxc8 24. Rb3 b6 25. Rb5 Nc7 26. Rb3 Ne6
27. a5 Nd4 28. Ra3 e4 29. axb6 axb6 30. Rc3 Rc5 31. Nb1 Kf7 32. b4 Rxc3 33.
Nxc3 Ke6 34. Ba6 Nc6 35. b5 Na5 36. Kc2 Ke5 37. Bc8 h5 38. h4 f4 39. Bd7 Nc4
40. Nd1 Kd4 41. Be8 Ne3+ 42. Nxe3 Kxe3 43. Kd1 Kf2 44. Bc6 e3 0-1

[Event "USCL St. Louis vs San Francisco"]
[Site "Internet Chess Club"]
[Date "2010.10.13"]
[Round "8"]
[White "Finegold, Ben"]
[Black "Zierk, Steven"]
[Result "1-0"]
[WhiteElo "2589"]
[BlackElo "2426"]
[PlyCount "79"]
[EventDate "2010.??.??"]

1. Nf3 c5 2. b3 d5 3. Bb2 Nc6 4. e3 Bg4 5. Bb5 e6 6. h3 Bh5 7. g4 Bg6 8. Bxc6+
bxc6 9. Ne5 Be4 10. f3 Qh4+ 11. Kf1 Bg6 12. Qe2 Ne7 13. Nc3 Qg3 14. Nb5 O-O-O
15. Nxa7+ Kc7 16. Qa6 f6 17. Naxc6 Nxc6 18. Qxc6+ Kb8 19. Qb6+ Kc8 20. Qxe6+
Kb7 21. Qc6+ Kb8 22. Qb6+ Kc8 23. Qa6+ Kc7 24. Qa7+ Kc8 25. Qa8+ Kc7 26. Qa5+
Kc8 27. Qa6+ Kc7 28. Qc6+ Kb8 29. Rg1 Qxh3+ 30. Kf2 Qh2+ 31. Rg2 Qh4+ 32. Kg1
fxe5 33. Qb6+ Kc8 34. Qc6+ Kb8 35. Bxe5+ Ka7 36. Qc7+ Ka6 37. Qc6+ Ka7 38. Qc7+
Ka6 39. g5 Bd6 40. Qc6+ 1-0

[Event "USCL New York vs New England"]
[Site "Internet Chess Club"]
[Date "2010.10.13"]
[Round "8"]
[White "Cherniack, Alex"]
[Black "Katz, Alexander"]
[Result "1-0"]
[WhiteElo "2288"]
[BlackElo "2175"]
[PlyCount "119"]
[EventDate "2010.??.??"]

1. e4 d6 2. d4 Nf6 3. Nc3 g6 4. Be3 c6 5. Qd2 b5 6. Bd3 Nbd7 7. h3 e5 8. Nf3
Bb7 9. a3 a6 10. O-O exd4 11. Nxd4 c5 12. Nf3 c4 13. Be2 Bxe4 14. Nxe4 Nxe4 15.
Qd4 Nef6 16. a4 d5 17. axb5 axb5 18. Rxa8 Qxa8 19. Ne5 Bc5 20. Qf4 Bxe3 21.
Qxe3 O-O 22. Nxd7 Nxd7 23. Bf3 Qc6 24. Qd4 Nf6 25. b3 Ne4 26. Rd1 cxb3 27. cxb3
Qc2 28. Qe3 Qc6 29. Rc1 Qe6 30. Qd4 Rd8 31. Rd1 f5 32. Rc1 Qf6 33. Qb4 Qb2 34.
Rf1 Nd2 35. Qe7 Nxf3+ 36. gxf3 Rf8 37. Qe6+ Rf7 38. Qxd5 Qe2 39. Kg2 f4 40. Rc1
Kg7 41. Rc5 b4 42. Qd4+ Kh6 43. Qxb4 Qe7 44. Qc4 Qd7 45. b4 g5 46. Rc6+ Kg7 47.
Qc3+ Kg8 48. Rc8+ Rf8 49. Rxf8+ Kxf8 50. Qh8+ Ke7 51. Qxh7+ Kd6 52. Qxd7+ Kxd7
53. h4 gxh4 54. Kh3 Kc6 55. Kxh4 Kb5 56. Kg4 Kxb4 57. Kxf4 Kc5 58. Ke5 Kc6 59.
Ke6 Kc5 60. f4 1-0

[Event "USCL Carolina vs Boston"]
[Site "Internet Chess Club"]
[Date "2010.10.13"]
[Round "8"]
[White "Rabin, Evan"]
[Black "Herbst, Richard"]
[Result "0-1"]
[WhiteElo "2227"]
[BlackElo "2109"]
[PlyCount "66"]
[EventDate "2010.??.??"]

1. e4 c5 2. Nf3 Nc6 3. d4 cxd4 4. Nxd4 e5 5. Nb5 d6 6. N1c3 a6 7. Na3 b5 8. Nd5
Nge7 9. g3 Bb7 10. c4 Nd4 11. Bg2 Bxd5 12. exd5 g6 13. O-O Bg7 14. cxb5 axb5
15. Nc2 Nxc2 16. Qxc2 O-O 17. Bd2 Qb6 18. Rfc1 Rfc8 19. Qb3 Nf5 20. Bb4 Nd4 21.
Rxc8+ Rxc8 22. Qd1 Rc2 23. Bc3 Ne2+ 24. Kh1 Qxf2 25. Qf1 Qxf1+ 26. Bxf1 e4 27.
Re1 Bxc3 28. Rxe2 Rxe2 29. Bxe2 Bxb2 30. Bxb5 f5 31. Kg2 Kf7 32. Kf2 Kf6 33.
Bc4 Ke5 0-1

[Event "USCL St. Louis vs San Francisco"]
[Site "Internet Chess Club"]
[Date "2010.10.13"]
[Round "8"]
[White "Nakamura, Hikaru"]
[Black "Friedel, Josh"]
[Result "1-0"]
[WhiteElo "2806"]
[BlackElo "2575"]
[PlyCount "81"]
[EventDate "2010.??.??"]

1. f4 g6 2. e4 d5 3. e5 Nh6 4. d4 c5 5. dxc5 Nc6 6. Nd2 Bg4 7. Be2 Bxe2 8. Qxe2
Qa5 9. c3 Qxc5 10. Nb3 Qc4 11. Qxc4 dxc4 12. Nd2 Na5 13. Ngf3 Bg7 14. h3 f6 15.
e6 Nf5 16. Ne4 h5 17. Kf2 Rc8 18. Ng3 Nxg3 19. Kxg3 f5 20. Be3 Rc6 21. Bxa7
Rxe6 22. Rhe1 Rxe1 23. Rxe1 Nc6 24. Bb6 Bf6 25. Nd2 Kf7 26. Nxc4 Rc8 27. a4 Nb4
28. Ne5+ Bxe5 29. Rxe5 Nd3 30. Rb5 h4+ 31. Kf3 Ne1+ 32. Kf2 Nd3+ 33. Ke3 Ne1
34. Bd4 Nc2+ 35. Kd3 Nxd4 36. cxd4 Rc7 37. a5 e6 38. b4 Ke7 39. Rc5 Rd7 40. b5
Kd6 41. Kc4 1-0

[Event "USCL Carolina vs Boston"]
[Site "Internet Chess Club"]
[Date "2010.10.13"]
[Round "8"]
[White "Sammour-Hasbun, Jorge"]
[Black "Agner, Carlito"]
[Result "0-1"]
[WhiteElo "2603"]
[BlackElo "2251"]
[PlyCount "82"]
[EventDate "2010.??.??"]

1. d4 Nf6 2. c4 g6 3. Nc3 Bg7 4. e4 d6 5. f3 O-O 6. Nge2 Nbd7 7. Be3 e5 8. Qd2
c6 9. O-O-O a6 10. Kb1 b5 11. Nc1 b4 12. Na4 exd4 13. Bxd4 Qa5 14. b3 Bb7 15.
c5 Nxc5 16. Bxc5 dxc5 17. Bc4 Rad8 18. Qg5 Nd7 19. Nd3 Bc8 20. h4 Qc7 21. h5
gxh5 22. Qxh5 h6 23. Naxc5 Nxc5 24. Nxc5 Qf4 25. Nd3 Qe3 26. Rhe1 Qd4 27. e5
Qc3 28. Rc1 Qd4 29. Nxb4 Qf4 30. Nxc6 Bf5+ 31. Kb2 Qd2+ 32. Ka3 Bxe5 33. Rxe5
Qxc1+ 34. Ka4 Bd7 35. Qg6+ Kh8 36. Qf6+ Kg8 37. Bxf7+ Rxf7 38. Qxd8+ Kg7 39.
Ka5 Qxc6 40. f4 Qc3+ 41. Kb6 Qb4+ 0-1

[Event "USCL Carolina vs Boston"]
[Site "Internet Chess Club"]
[Date "2010.10.13"]
[Round "8"]
[White "Bapat, Udayan"]
[Black "Martirosov, Vadim"]
[Result "0-1"]
[WhiteElo "2214"]
[BlackElo "2248"]
[PlyCount "116"]
[EventDate "2010.??.??"]

1. e4 c5 2. Nf3 d6 3. Bb5+ Bd7 4. Bxd7+ Qxd7 5. O-O Nc6 6. c3 Nf6 7. Re1 e6 8.
d4 cxd4 9. cxd4 d5 10. e5 Ne4 11. Nbd2 Nxd2 12. Bxd2 Be7 13. Rc1 O-O 14. Qe2
Rfc8 15. a3 Rc7 16. Rc2 Rac8 17. Rec1 a6 18. Qd3 Nb8 19. Ba5 Rxc2 20. Rxc2 Rc6
21. Rxc6 Qxc6 22. Qc3 Qxc3 23. Bxc3 Nc6 24. Kf1 h5 25. Ne1 b5 26. Ke2 a5 27.
Kd3 Kh7 28. g3 g5 29. h3 g4 30. h4 f6 31. exf6 Bxf6 32. b3 a4 33. bxa4 bxa4 34.
Nc2 Kg6 35. Ne3 Be7 36. Nc2 Bf8 37. Bd2 e5 38. Bc1 exd4 39. Nxd4 Ne5+ 40. Ke2
Nc4 41. Nb5 Kf5 42. Nc3 d4 43. Nxa4 Ke4 44. Nb2 Ne5 45. Nd1 Nd3 46. Bb2 Nc5 47.
Bc1 Nb3 48. Bb2 Bc5 49. a4 Bb4 50. a5 Nxa5 51. Bc1 Nc4 52. Bh6 Bc5 53. Bg5 d3+
54. Kf1 Bd4 55. Ke1 Kf3 56. Kf1 Nb2 57. Be3 Nxd1 58. Bxd4 d2 0-1